[Event "Sachsen-Anhalt-ch Seniors 23rd"]
[Site "Halberstadt"]
[Date "2015.06.06"]
[Round "7"]
[White "Husemann, Karl Heinz"]
[Black "Gismann, Juergen"]
[Result "1/2-1/2"]
[WhiteElo "1629"]
[BlackElo "1559"]
[PlyCount "46"]
[EventDate "2015.05.31"]
[EventType "swiss"]
[EventRounds "7"]
[EventCountry "GER"]
[SourceTitle "EXT 2018"]
[Source "ChessBase"]
[SourceDate "2017.10.13"]
[SourceVersion "1"]
[SourceVersionDate "2017.10.13"]
[SourceQuality "1"]

1. e4 d6 2. Nc3 Nf6 3. Nf3 g6 4. Bc4 c6 5. a3 b5 6. Bb3 Bg7 7. d3 Nbd7 8. Bd2 0-0 9. Qe2 e5 10. h3 Nb6 11. Ng5 h6 12. Nf3 Kh7 13. 0-0-0 a5 14. g4 Ng8 15. Rdg1 Qe8 16. h4 Be6 17. Bxe6 fxe6 18. Qe3 b4 19. Nb1 c5 20. Ng5+ Kh8 21. Nf3 Kh7 22. Ng5+ Kh8 23. Nf3 Kh7 1/2-1/2

[Event "Sachsen-Anhalt-ch Seniors 23rd"]
[Site "Halberstadt"]
[Date "2015.05.31"]
[Round "1"]
[White "Husemann, Karl Heinz"]
[Black "Kotlar, Alfred"]
[Result "0-1"]
[WhiteElo "1629"]
[BlackElo "1886"]
[PlyCount "86"]
[EventDate "2015.05.31"]
[EventType "swiss"]
[EventRounds "7"]
[EventCountry "GER"]
[SourceTitle "EXT 2018"]
[Source "ChessBase"]
[SourceDate "2017.10.13"]
[SourceVersion "1"]
[SourceVersionDate "2017.10.13"]
[SourceQuality "1"]

1. e4 g6 2. d4 Bg7 3. Nf3 d6 4. h3 a6 5. Be3 b5 6. Bd3 Nd7 7. Nc3 Bb7 8. Qd2 c5 9. dxc5 dxc5 10. 0-0 b4 11. Nd1 Ngf6 12. c3 Nxe4 13. Qc2 Nd6 14. Nd2 0-0 15. cxb4 cxb4 16. Qb3 a5 17. Be2 Qc7 18. Bf4 e5 19. Bh2 Rac8 20. Ne3 Nc5 21. Qc2 Ne6 22. Qxc7 Rxc7 23. Rac1 Rfc8 24. Rxc7 Rxc7 25. b3 f6 26. Ndc4 Nxc4 27. Bxc4 Kf7 28. f4 Bh6 29. Ng4 Bg7 30. f5 gxf5 31. Rxf5 Ke7 32. Rf1 Rd7 33. Ne3 Nd4 34. Bg3 Be4 35. Bh4 h5 36. Bg3 f5 37. Bh4+ Bf6 38. Bxf6+ Kxf6 39. Nd1 Rg7 40. Rf2 f4 41. Ne3 Nf3+ 42. Kh1 fxe3 43. Rxf3+ Bxf3 0-1